| 000 | 00784cam a2200229 a 4500 | ||
|---|---|---|---|
| 001 | 000010080 | ||
| 005 | 20200929161832.0 | ||
| 008 | 790530s1978 sp 000 0 spa | ||
| 020 | _a8432295256 | ||
| 040 |
_aDO-SdBNP _cDLC _dDLC |
||
| 082 |
_a861.62 _bA334s |
||
| 100 | 1 |
_aAlberti, Rafael, _d1902-1999. _99163 |
|
| 245 | 1 | 0 |
_aSignos del día : _bla primavera de los pueblos / _cRafael Alberti. |
| 260 |
_aBarcelona : _bSeix Barral, _c1978. |
||
| 300 |
_a188 p. ; _c20 cm. |
||
| 500 | _aPoems. | ||
| 650 | 4 |
_aPoesía española _9631 |
|
| 650 | 4 |
_aLiteratura española _9632 |
|
| 700 | 1 | 2 |
_aAlberti, Rafael, _d1902-1999. _tLa primavera de los pueblos. 1978. _925060 |
| 800 | 1 |
_aAlberti, Rafael, _d1902-1999. _tObras de Rafael Alberti ; _v5. _925061 |
|
| 910 | _aCatalogación por copia / LC | ||
| 999 |
_c9839 _d9839 |
||